In the Presence of Sai Baba (Record no. 20196)

MARC details
000 -LEADER
fixed length control field 00329nam a22001337a 4500
020 ## - INTERNATIONAL STANDARD BOOK NUMBER
ISBN 9788125034810
082 ## - DEWEY DECIMAL CLASSIFICATION NUMBER
Classification number 294.543 SRI
100 ## - MAIN ENTRY--AUTHOR NAME
Author name Srinivas Smriti
245 ## - TITLE STATEMENT
Title In the Presence of Sai Baba
260 ## - PUBLICATION, DISTRIBUTION, ETC. (IMPRINT)
Place of publication Hyderabad
Name of publisher orient Longman Private limited
Year of publication 2008
300 ## - PHYSICAL DESCRIPTION
Number of Pages 403
650 ## - SUBJECT ADDED ENTRY--TOPICAL TERM
Topical Term Sprituality-Hinduism
942 ## - ADDED ENTRY ELEMENTS (KOHA)
Koha item type Books
Holdings
Home library Current library Date acquired Source of acquisition Full call number Accession Number Koha item type
Henry Martyn Institute Library Henry Martyn Institute Library 02/02/2017 Orient Blackswan hyderabad 294.543 SRI 25105 Books
                   Copyright © 2026 | Henry Martyn Institute | Hyderabad | TS-500052 | INDIA | Implemented by hmi.edu.in
Hit-Count:

Powered by Koha